| 000 | 00443nam a2200169Ia 4500 | ||
|---|---|---|---|
| 003 | LK-CoDNM | ||
| 005 | 20240826093255.0 | ||
| 008 | 010623t1918 xxu||||| |||| 00| 1 eng d | ||
| 040 |
_aLK-CoDNM _dLK-CoDNM _eLK-CoDNM |
||
| 041 | _aeng | ||
| 080 |
_a7 _bV6 |
||
| 100 | _aDodwell,H. | ||
| 245 | _aThe Diary of Ananda Ranga Pillai,from 1736 To 1761 | ||
| 260 |
_bGovernment Press _aMadras _c1918 |
||
| 300 | _bXVIII, 466P. : 22 cm | ||
| 942 | _cBK | ||
| 999 |
_c89428 _d89428 |
||